Выемчатокрылые моли подсемейства Dichomeridinae (Lepidoptera,Gelechiidae) мировой фауны (Запись № 871349)

Подробности
000 -МАРКЕР
контрольное поле 01820nam0a2200361 4500
001 - ИДЕНТИФИКАТОР ЗАПИСИ
контрольное поле RU\NLR\bibl\1651258
005 - ИДЕНТИФИКАТОР ВЕРСИИ
контрольное поле 20260405204045.0
010 ## - МЕЖДУНАРОДНЫЙ СТАНДАРТНЫЙ НОМЕР КНИГИ (ISBN)
Номер (ISBN) 978-5-8044-1014-9
Тираж 300
021 ## - НОМЕР ГОСУДАРСТВЕННОЙ РЕГИСТРАЦИИ
Код страны российская федерация
Номер 2010-40322
Номер Листа государственной регистраци 2701
035 ## - ДРУГИЕ СИСТЕМНЫЕ НОМЕРА
Идентификатор записи (NLR Aleph) 001642577
100 ## - ДАННЫЕ ОБЩЕЙ ОБРАБОТКИ
Данные общей обработки 20100701d2009 |||y0rusy50 ca
101 0# - ЯЗЫК РЕСУРСА
Язык текста, звукозаписи и т.д. русский
-- английский
Язык резюме английский
102 ## - СТРАНА ПУБЛИКАЦИИ ИЛИ ПРОИЗВОДСТВА
Страна публикации российская федерация
105 ## - ПОЛЕ КОДИРОВАННЫХ ДАННЫХ: ТЕКСТОВЫЕ МАТЕРИАЛЫ, МОНОГРАФИЧЕСКИЕ
Кодированные данные о монографическом текстовом документе a |||||||||
200 1# - ЗАГЛАВИЕ И СВЕДЕНИЯ ОБ ОТВЕТСТВЕННОСТИ
Основное заглавие Выемчатокрылые моли подсемейства Dichomeridinae (Lepidoptera,Gelechiidae) мировой фауны
Параллельное заглавие Gelechild moths of the subfamily Dichomeridinae (Lepidoptera,Gelechiidae) of the world
Первые сведения об ответственности М.Г. Пономаренко
Последующие сведения об ответственности Рос. акад. наук, Дальневост. отд-ние биол.-почв. ин-т
Язык параллельного заглавия английский
210 ## - ПУБЛИКАЦИЯ, РАСПРОСТРАНЕНИЕ И ДР.
Место издания, распространения и т.д. Владивосток
Имя издателя, распространителя и т. д. Дальнаука
Дата издания, распространения и т.д. 2009
215 ## - ФИЗИЧЕСКАЯ ХАРАКТЕРИСТИКА
Специфическое обозначение материала и объем 388, [1] с., [2] л. цв. ил.
Другие сведения о физической характеристике ил.
Размеры 25
300 ## - ОБЩИЕ ПРИМЕЧАНИЯ
Текст примечания В конце кн. авт.: М.Г. Пономаренко - д.б.н., доц., проф.
300 ## - ОБЩИЕ ПРИМЕЧАНИЯ
Текст примечания Авт. также на англ. яз.: Margarita G. Ponomarenko
300 ## - ОБЩИЕ ПРИМЕЧАНИЯ
Текст примечания Рез. на англ. яз.
320 ## - ПРИМЕЧАНИЯ О НАЛИЧИИ В ДОКУМЕНТЕ БИБЛИОГРАФИИ / УКАЗАТЕЛЯ
Текст примечания Библиогр.: с. 351-364
320 ## - ПРИМЕЧАНИЯ О НАЛИЧИИ В ДОКУМЕНТЕ БИБЛИОГРАФИИ / УКАЗАТЕЛЯ
Текст примечания Указ. лат. назв. животных: с. 370-388
510 0# - ПАРАЛЛЕЛЬНОЕ ЗАГЛАВИЕ
Связь между полями z20790
Параллельное заглавие Gelechild moths of the subfamily Dichomeridinae (Lepidoptera,Gelechiidae) of the world
Язык заглавия английский
606 1# - НАИМЕНОВАНИЕ ТЕМЫ КАК ПРЕДМЕТ
Наименование темы Выемчатокрылые моли
Системный номер авторитетной/нормативной записи 1350757
Идентификатор авторитетной/нормативной записи RU\NLR\auth\66249386
686 ## - ИНДЕКСЫ ДРУГИХ КЛАССИФИКАЦИЙ
Индекс Е691.895.2Gel
700 #1 - ИМЯ ЛИЦА - ПЕРВИЧНАЯ ОТВЕТСТВЕННОСТЬ
Код отношения Автор
Материалы, к которым относится поле rus
Графика поля Кириллица
Начальный элемент ввода Пономаренко
Часть имени, кроме начального элемента ввода М. Г.
Расширение инициалов личного имени Маргарита Геннадьевна
Идентификатор авторитетной/нормативной записи RU\NLR\auth\7791356
Системный номер авторитетной/нормативной записи 74283
790 #1 - ИМЯ ЛИЦА - АЛЬТЕРНАТИВНАЯ ФОРМА
Код отношения Автор
Материалы, к которым относится поле rus
Графика поля Латинская
Начальный элемент ввода Ponomarenko
Часть имени, кроме начального элемента ввода M. G.
Расширение инициалов личного имени Margarita Gennad'evna
Идентификатор авторитетной/нормативной записи RU\NLR\auth\7791357
Системный номер авторитетной/нормативной записи 74284
801 #0 - ИСТОЧНИК ЗАПИСИ
Страна российская федерация
Организация NLR
Дата составления 20100701
Правила каталогизации RCR
801 #1 - ИСТОЧНИК ЗАПИСИ
Страна российская федерация
Организация NLR
Дата составления 20100701
942 ## - ДОПОЛНИТЕЛЬНЫЕ ЭЛЕМЕНТЫ ЗАПИСИ (АБИС)
Тип экземпляра АБИС Книга
980 ## - КОЛЛЕКЦИЯ
Название коллекции Национальная библиография
Экземпляры
Тип экземпляра Дата поступления Источник поступления Библиотека постоянного хранения Библиотека текущего хранения Место хранения Шифр хранения Штрих-код Статус не для выдачи
Книга 01.07.2010 Обязательный экземпляр РНБ (Московский) РНБ (Московский) Русский книжный фонд: издания с 1957 года, 8этаж 2010-7/3481 3205637  
Книга 01.07.2010 Обязательный экземпляр РНБ (Московский) РНБ (Московский) Русский книжный фонд: издания с 1957 года, 8этаж 2010-7/3481 3205638